Horned moon (Record no. 328788)

000 -LEADER
fixed length control field nam a22 7a 4500
003 - CONTROL NUMBER IDENTIFIER
control field Nust
005 - DATE AND TIME OF LATEST TRANSACTION
control field 20170529130358.0
008 - FIXED-LENGTH DATA ELEMENTS--GENERAL INFORMATION
fixed length control field 170417b xxu||||| |||| 00| 0 eng d
040 ## - CATALOGING SOURCE
Original cataloging agency DLC
Language of cataloging DLC
Transcribing agency RCMS
082 ## - DEWEY DECIMAL CLASSIFICATION NUMBER
Classification number 910.95491 STE
100 ## - MAIN ENTRY--PERSONAL NAME
Personal name Stephens,Ian
9 (RLIN) 444
245 ## - TITLE STATEMENT
Title Horned moon
Remainder of title Ian Stephens
Statement of responsibility, etc. An account of a journey through Pakistan,Kashmir,and Afghanistan
260 ## - PUBLICATION, DISTRIBUTION, ETC.
Place of publication, distribution, etc. London
Name of publisher, distributor, etc. Chatto And Windus
Date of publication, distribution, etc. c1953
300 ## - PHYSICAL DESCRIPTION
Extent 288:p
Other physical details ill:
Dimensions 22,cm.
500 ## - GENERAL NOTE
General note Part 1: Preliminary (Page-17), Part 2: Sindi, Punjabi (Page-47),Part 3: Kashmiri (Page-105), Part 4: Pathan (Page-225),
538 ## - SYSTEM DETAILS NOTE
Display text Shelf # 13, Row # 4, Fiction.
650 ## - SUBJECT ADDED ENTRY--TOPICAL TERM
Topical term or geographic name entry element Exploring Pakistan
9 (RLIN) 445
856 ## - ELECTRONIC LOCATION AND ACCESS
Materials specified Table of Content Only
942 ## - ADDED ENTRY ELEMENTS (KOHA)
Source of classification or shelving scheme
Koha item type Fiction
Holdings
Withdrawn status Lost status Source of classification or shelving scheme Damaged status Not for loan Collection code Permanent Location Current Location Shelving location Date acquired Source of acquisition Total Checkouts Full call number Barcode Date last seen Price effective from Koha item type
            School of Interdisciplinary Engineering and Sciences (SINES) School of Interdisciplinary Engineering and Sciences (SINES) Fiction 04/17/2017 Donated   910.95491 STE RCMS002774 04/17/2017 04/17/2017 Fiction
© 2023 Central Library, National University of Sciences and Technology. All Rights Reserved.